<?xml version="1.0" encoding="UTF-8"?>
<record
    xmlns:xsi="http://www.w3.org/2001/XMLSchema-instance"
    xsi:schemaLocation="http://www.loc.gov/MARC21/slim http://www.loc.gov/standards/marcxml/schema/MARC21slim.xsd"
    xmlns="http://www.loc.gov/MARC21/slim">

  <leader>01477nam a22002417a 4500</leader>
  <controlfield tag="005">20240723102430.0</controlfield>
  <controlfield tag="008">240723b           ||||| |||| 00| 0 eng d</controlfield>
  <datafield tag="020" ind1=" " ind2=" ">
    <subfield code="a">9789356815513</subfield>
  </datafield>
  <datafield tag="040" ind1=" " ind2=" ">
    <subfield code="c">AL</subfield>
  </datafield>
  <datafield tag="041" ind1=" " ind2=" ">
    <subfield code="a">English</subfield>
  </datafield>
  <datafield tag="082" ind1=" " ind2=" ">
    <subfield code="2">23</subfield>
    <subfield code="a">355.002</subfield>
    <subfield code="b">GKPS</subfield>
  </datafield>
  <datafield tag="100" ind1=" " ind2=" ">
    <subfield code="a">Gkp</subfield>
    <subfield code="9">173943</subfield>
  </datafield>
  <datafield tag="245" ind1=" " ind2=" ">
    <subfield code="a">Study Guide National Defence Academy and Naval Academy</subfield>
  </datafield>
  <datafield tag="260" ind1=" " ind2=" ">
    <subfield code="a">Haryana</subfield>
    <subfield code="b">G K Publications (p) Ltd</subfield>
    <subfield code="c">2024</subfield>
  </datafield>
  <datafield tag="300" ind1=" " ind2=" ">
    <subfield code="b">PB</subfield>
    <subfield code="c">27x21 cm.</subfield>
    <subfield code="a">631 p.</subfield>
  </datafield>
  <datafield tag="365" ind1=" " ind2=" ">
    <subfield code="a">2488</subfield>
    <subfield code="b">&#x20B9;876.00</subfield>
    <subfield code="c">&#x20B9;</subfield>
    <subfield code="d">&#x20B9;1095.00</subfield>
    <subfield code="e">20%</subfield>
    <subfield code="f">17-07-2024</subfield>
  </datafield>
  <datafield tag="520" ind1=" " ind2=" ">
    <subfield code="a">This book is tailored for individuals preparing for the NDA/NA examination administered by the U.P.S.C for recruitment into the Indian Army, Indian Navy, and Indian Air Force. It is structured into two sections: Mathematics (Paper I) and General Ability (Paper II), encompassing English, General Knowledge, and General Science. Each chapter provides a concise theory section followed by concept-based practice questions and solved papers from exams held between 2017 and 2023. We are confident that this book will serve as a valuable asset for all NDA/NA candidates.
Key Features:
Abundant practice questions complemented by comprehensive theoretical explanations
Detailed solutions for all questions
Solved papers of the 2023 exam.</subfield>
  </datafield>
  <datafield tag="650" ind1=" " ind2=" ">
    <subfield code="a">Defence Entrance</subfield>
    <subfield code="9">173924</subfield>
  </datafield>
  <datafield tag="650" ind1=" " ind2=" ">
    <subfield code="a">Solved Papers 2023 April and September</subfield>
    <subfield code="9">173925</subfield>
  </datafield>
  <datafield tag="650" ind1=" " ind2=" ">
    <subfield code="a">Entrance Examination Conducted by UPSC</subfield>
    <subfield code="9">173926</subfield>
  </datafield>
  <datafield tag="700" ind1=" " ind2=" ">
    <subfield code="a">GKP</subfield>
    <subfield code="9">173923</subfield>
  </datafield>
  <datafield tag="942" ind1=" " ind2=" ">
    <subfield code="2">ddc</subfield>
    <subfield code="c">BK</subfield>
  </datafield>
  <datafield tag="999" ind1=" " ind2=" ">
    <subfield code="c">231493</subfield>
    <subfield code="d">231493</subfield>
  </datafield>
  <datafield tag="952" ind1=" " ind2=" ">
    <subfield code="0">0</subfield>
    <subfield code="1">0</subfield>
    <subfield code="2">ddc</subfield>
    <subfield code="4">0</subfield>
    <subfield code="7">0</subfield>
    <subfield code="8">OTH</subfield>
    <subfield code="a">AL</subfield>
    <subfield code="b">AL</subfield>
    <subfield code="d">2024-07-22</subfield>
    <subfield code="e">Biblios Book Point Surathkal Mangalore 575014</subfield>
    <subfield code="g">876.00</subfield>
    <subfield code="l">0</subfield>
    <subfield code="o">355.002 GKPS</subfield>
    <subfield code="p">077257</subfield>
    <subfield code="r">2024-07-23 00:00:00</subfield>
    <subfield code="v">1095.00</subfield>
    <subfield code="w">2024-07-23</subfield>
    <subfield code="y">BK</subfield>
  </datafield>
</record>
